2024 F1 Driver Numbers - Statistics

General Stats
  • This quiz has been taken 540 times
  • The average score is 18 of 20
Answer Stats
Hint Answer % Correct
Max Verstappen 1
100%
Lando Norris 4
99%
Daniel Ricciardo 3
97%
Lewis Hamilton 44
97%
Charles Leclerc 16
96%
Logan Sargeant 2
96%
Carlos Sainz 55
95%
Oscar Piastri 81
94%
Sergio Perez 11
93%
Fernando Alonso 14
91%
George Russel 63
91%
Lance Stroll 18
89%
Pierre Gasly 10
87%
Yuki Tsunoda 22
87%
Alex Albon 23
86%
Valtteri Bottas 77
82%
Esteban Ocon 31
80%
Nico Hulkenberg 27
79%
Zhou Guanyu 24
76%
Kevin Magnussen 20
72%
No matching quizzes found
Score Distribution
Percent of People with Each Score
Percentile by Number Answered
Your Score History
You have not taken this quiz